Rehabilitación ambiental con métodos tradicionales / (Record no. 42774)

MARC details
000 -LEADER
campo de control de longitud fija 00526nam a2200157 i 4500
001 - NÚMERO DE CONTROL
campo de control 42774
003 - IDENTIFICADOR DE NÚMERO DE CONTROL
campo de control ES-MaACL
007 - CAMPO FIJO DE DESCRIPCIÓN FÍSICA--INFORMACIÓN GENERAL
campo de control de longitud fija t|
008 - DATOS DE LONGITUD FIJA--INFORMACIÓN GENERAL
campo de control de longitud fija 030314s1985 sp ||||1| spa d
100 1# - ENTRADA PRINCIPAL--NOMBRE DE PERSONA
Nombre de persona Ceresuela Puche, Antonio.
9 (RLIN) 37488
245 10 - MENCIÓN DEL TÍTULO
Título Rehabilitación ambiental con métodos tradicionales /
Mención de responsabilidad, etc. Antonio Ceresuela Puche.
260 ## - PUBLICACIÓN, DISTRIBUCIÓN, ETC.
Lugar de publicación, distribución, etc. Madrid :
Nombre del editor, distribuidor, etc. Colegio Oficial de Arquitectos,
Fecha de publicación, distribución, etc. 1985.
300 ## - DESCRIPCIÓN FÍSICA
Extensión 119 p. :
Otras características físicas il. ;
Dimensiones 30 cm.
710 2# - ENTRADA AGREGADA--NOMBRE DE ENTIDAD CORPORATIVA
Nombre de entidad corporativa o nombre de jurisdicción como elemento de entrada Colegio Oficial de Arquitectos de Madrid.
9 (RLIN) 2958
852 ## - LOCALIZACIÓN
Ubicación ES-MaACL
Número de control de estantería L-9444
Sublocalización o colección R.111372
Holdings
Estatus retirado Estado de pérdida Estado de daño No para préstamo Biblioteca de origen Biblioteca actual Ubicación en estantería Fecha de adquisición Fuente de adquisición Total de préstamos Signatura topográfica completa Código de barras Visto por última vez Precio de reemplazo Tipo de ítem Koha
        Biblioteca del Ateneo de Madrid Biblioteca del Ateneo de Madrid Depósito 2 17/01/2008     L-9444 1045027 23/02/2023 23/02/2023 Libro impreso